Neighborhoods of Denver Quiz Stats

 Plays Quiz not verified by Sporcle

Also try: Countries: After S
Challenge
Share
Tweet
Score 0/78 Timer 10:00
0 Plays Today
% Correct
Five Points
91.1%
Capitol Hill
89.3%
Central Business District
87.5%
City Park
85.7%
Cherry Creek
85.7%
Washington Park
85.7%
Stapleton
83.9%
Highland
83.9%
University
83.9%
Globeville
82.1%
East Colfax
78.6%
Baker
76.8%
Cheesman Park
76.8%
Hilltop
76.8%
Berkeley
76.8%
Congress Park
75%
City Park West
75%
Hale
75%
Lowry
75%
Elyria-Swansea
75%
North Park Hill
75%
Denver International Airport
75%
Sunnyside
75%
Montclair
73.2%
Cole
73.2%
South Park Hill
73.2%
Skyland
73.2%
Whittier
73.2%
Clayton
71.4%
Regis
71.4%
West Highland
71.4%
Platt Park
71.4%
West Colfax
71.4%
Washington Virginia Vale
69.6%
Northeast Park Hill
69.6%
Washington Park West
69.6%
Country Club
67.9%
Speer
67.9%
Montbello
67.9%
% Correct
Gateway
66.1%
Sloan Lake
66.1%
Athmar Park
66.1%
Barnum
66.1%
Sun Valley
66.1%
North Capitol Hill
62.5%
Civic Center
60.7%
Lincoln Park
60.7%
Chaffee Park
60.7%
University Hills
60.7%
Hampden
60.7%
Union Station
58.9%
University Park
58.9%
Barnum West
58.9%
Belcaro
57.1%
Jefferson Park
57.1%
Harvey Park
57.1%
Ruby Hill
57.1%
Auraria
55.4%
Virginia Village
51.8%
Kennedy
51.8%
Harvey Park South
51.8%
Marston
51.8%
Villa Park
50%
Hampden South
46.4%
Cory-Merrill
44.6%
Westwood
44.6%
Windsor
42.9%
Valverde
42.9%
Bear Valley
41.1%
College View
37.5%
Overland
37.5%
Goldsmith
37.5%
Fort Logan
35.7%
Mar Lee
35.7%
Rosedale
30.4%
Wellshire
28.6%
Southmoor Park
28.6%
Indian Creek
25%

You're not logged in!

Compare scores with friends on all Sporcle quizzes.
Join for Free
OR
Log In

You Might Also Like...

Show Comments

Extras

Top Quizzes Today


Score Distribution

Your Account Isn't Verified!

In order to create a playlist on Sporcle, you need to verify the email address you used during registration. Go to your Sporcle Settings to finish the process.

Report this User

Report this user for behavior that violates our Community Guidelines.

Details: